El retorno de Dionysos : el método de Theodoros Terzopoulos /
Sábháilte in:
| Príomhchruthaitheoir: | |
|---|---|
| Rannpháirtithe: | , , |
| Formáid: | Leictreonach Ríomhleabhar |
| Teanga: | Spáinnis Gearmáinis |
| Foilsithe / Cruthaithe: |
Bogotá :
Editorial UD,
[2021]
|
| Sraith: | Creaciones (Universidad Distrital "Francisco José de Caldas")
|
| Ábhair: | |
| Rochtain ar líne: | Digitalia Hispánica |
| Clibeanna: |
Cuir clib leis
Níl clibeanna ann, Bí ar an gcéad duine le clib a chur leis an taifead seo!
|
MARC
| LEADER | 00000nam a2200000 i 4500 | ||
|---|---|---|---|
| 001 | DIGUDISTRIT0020 | ||
| 003 | NyNyDIG | ||
| 007 | cr ||||||||||| | ||
| 008 | 230424s2021 ck o ob 000 0 spa d | ||
| 006 | m o d | ||
| 035 | |a (OCoLC)1377521421 | ||
| 040 | |a DGITA |b eng |e rda |e pn |c DGITA | ||
| 020 | |a 9789587873320 |q eBook | ||
| 020 | |z 9789587872699 | ||
| 041 | 1 | |a spa |h ger | |
| 050 | 1 | 4 | |a PN2668.T47 ebook |
| 100 | 1 | |a Terzopoulos, Theodoros, |d 1947- |e author. | |
| 240 | 1 | 0 | |a Rückkehr des Dionysos. |l Spanish |s (Zambrano Moreno) |
| 245 | 1 | 3 | |a El retorno de Dionysos : |b el método de Theodoros Terzopoulos / |c Theodoros Terzopoulos, autor ; Carlos Araque Osorio, editor académico ; Erika Fischer-Lichte, prefacio ; Florián Zambrano Moreno, traductor. |
| 264 | 1 | |a Bogotá : |b Editorial UD, |c [2021] | |
| 300 | |a 1 online resource : |b photographs. | ||
| 336 | |a text |b txt |2 rdacontent | ||
| 337 | |a computer |b c |2 rdamedia | ||
| 338 | |a online resource |b cr |2 rdacarrier | ||
| 347 | |a text file |2 rdaft | ||
| 347 | |b EPUB | ||
| 490 | 1 | |a Colección Creaciones | |
| 500 | |a "Universidad Distrital Francisco José de Caldas. Facultad de Artes ASAB." | ||
| 504 | |a Includes bibliographical references. | ||
| 588 | 0 | |a Online resource; title from ePub title page (Digitalia, viewed April 24, 2023) | |
| 650 | 0 | |a Greek drama |x Modern presentation. | |
| 600 | 1 | 0 | |a Terzopoulos, Theodoros, |d 1947- |x Criticism and interpretation. |
| 700 | 1 | |a Araque Osorio, Carlos, |e editor. | |
| 700 | 1 | |a Fischer-Lichte, Erika, |e contributor agent of text. | |
| 700 | 1 | |a Zambrano Moreno, Florián, |e translator. | |
| 700 | 1 | |i Translation of: |a Terzopoulos, Theodoros, |d 1947- |t Rückkehr des Dionysos. | |
| 791 | 2 | |a Digitalia (Firm), |e distributor. | |
| 793 | 0 | |g Digitalia eBook Collection: |a Universidad Distrital Francisco José de Caldas | |
| 776 | 0 | 8 | |i Print version: |a Terzopoulos, Theodoros, 1947- |s Rückkehr des Dionysos. Spanish (Zambrano Moreno). |t Retorno de Dionysos. |b Primera edición. |d Bogotá : Editorial UD, [2021] |z 9789587872699 |
| 830 | 0 | |a Creaciones (Universidad Distrital "Francisco José de Caldas") | |
| 856 | 4 | 0 | |3 Digitalia Hispánica |u https://digitalia.unach.elogim.com/a/125270/ |
| 910 | |a Premium collection: 2023 | ||